Trobades participatives segures en espais exteriors
Descripción Física:
33 p. : 21 cm
Colección:
Quaderns de participació ciutadana
Materias:
Participació ciutadana
Idioma:
Catalán
MARC
| LEADER | 00000nam a22000007a 4500 | ||
|---|---|---|---|
| 001 | 25332 | ||
| 008 | 220427s2020 spa||||| ||||s00| 0 cat c | ||
| 017 | |a DL B 19577-2020 | ||
| 080 | |a FU-68-19 | ||
| 245 | |a Trobades participatives segures en espais exteriors | ||
| 260 | |a Barcelona : |b Diputació de Barcelona. Àrea de Presidència, |c 2020 | ||
| 300 | |a 33 p. : |c 21 cm | ||
| 490 | 1 | |a Quaderns de participació ciutadana | |
| 650 | 0 | |a Participació ciutadana |9 7371 | |
| 710 | |a Barcelona (Catalunya : Província). |b Servei d'Agenda 2030 i Participació |9 52276 | ||
| 830 | 0 | |9 56231 |a Quaderns de participació ciutadana | |
| 942 | |2 udc |c ARXIU |n 1 | ||
| 952 | |0 0 |1 0 |4 0 |6 FU6819 |7 1 |9 61407 |a Arxiu |b Arxiu |d 2022-04-27 |l 0 |o FU-68-19 |p 25332 |r 2022-04-27 00:00:00 |w 2022-04-27 |y ARXIU | ||
| 999 | |c 81360 |d 81360 | ||